LEADER 01781nam a2200325 a 4500 001 000000142834 003 CaOOAMICUS 005 20150416113312.0 008 150416m19521953it u000 u ita r 040 $aPUL$bita 100 1 $aGandiglio, Adolfo,$d1876-1931.$0(OLS)http://pul/name/37539 245 10$aCorso di lingua latina /$cAdolfo Gandiglio. 250 $a3. ed. rifatta a cura di Giovanni Battista Pighi. 260 $aBologna :$bZanichelli,$c1952-1953. 300 $av. ;$c23 cm 500 $aInclude indici. 505 0 $aV. 1. Morfologia regolare della lingua latina : corredata di nuovi esercizi ad uso della scuola media. -- v. 2. Morfologia irregolare e compimento della morfologia regolare della lingua latina : corredata di nuovi esercizi ad uso delle scuole medie inferiori. -- v. 3.1. Sintassi latina : corredata di nuovi esercizi. 650 4$aLingua latina$xSintassi.$0(OLS)http://pul/subject/7225 700 1 $aPighi, Giovanni Battista,$d1898-1978.$0(OLS)http://pul/name/6623 850 $aPUL 852 $aPUL$W1$xDP1 Fondo Capitani$y116$m5 A 16.1$j164766$av. 1$qFondi$B165042$CPULBib$Z2$F165042 $HCap1063 $82 852 $aPUL$W1$xDP1 Fondo Capitani$y116$m5 A 16.2$j164767$av. 2$qFondi$B165043$CPULBib$Z2$F165043 $HCap1064 $82 852 $aPUL$W1$xDP1 Fondo Capitani$y116$m5 A 16.3$j164768$av. 3.1$qFondi$B165044$CPULBib$Z2$F165044 $HCap1065 $82 941 1 $a1 961 $aNota ms. di possesso: Capitani. 961 $aNota ms. di possesso: Capitani. 961 $aNota ms. di possesso: Capitani. 996 $6245$aCorso di lingua latina$9(OLS)http://pul/title/180796 996 $6260$aBologna :$bZanichelli$9(OLS)http://pul/publisher/48255 LEADER 01316nam a2200289 u 4500 001 000000046812 003 CaOOAMICUS 005 20070226114820.0 008 990720s1978 mou u000 u eng u 035 $a10830315 040 $aPUL(R)$bita 100 1 $aWakefield, John C.$0(OLS)http://pul/name/34069 245 10$aArtful childmaking :$bartificial insemination in catholic teaching /$cJohn C. Wakefield. 260 $aSt. Louis (Miss.) :$bPope John XXIII Medical-Moral Research and Education Center,$cc1978. 300 $axi, 250 p. ;$c22 cm 490 1 $aPapal teaching series 500 $aContiene indici. 504 $aBibliografia in nota. 650 4$aSesso$xAspetti morali e religiosi.$0(OLS)http://pul/subject/6711 650 4$aProcreazione artificiale.$0(OLS)http://pul/subject/19802 830 0$aPapal teaching series.$0(OLS)http://pul/title/63031 850 $aPUL 852 $aPUL$W1$xSL Religione 1$y3$m39 D 117$j62655$nBK-PRI$b $qStampati$B62655$CPULBib$Z2$F62655 $H $81 941 1 $a8 961 $aINV: 64505 996 $6245$aArtful childmaking :$bartificial insemination in catholic teaching$9(OLS)http://pul/title/63030 996 $6260$aSt. Louis (Miss.) :$bPope John XXIII Medical-Moral Research and Education Center$9(OLS)http://pul/publisher/66667